01332 a2200217 45000010006000000050017000060080041000230030015000640400040000790800078001192450171001972640034003683000018004025050473004200410008008931000030009017000025009317000029009567000035009858560094010204138920260407155708.0260407a2014 arg spa dAR-UNSa-BCEJYS aAR-UNSa-BCEJYSbspacAR-UNSa-BCEJYS a336.226.1xImpuestos a las ganancias o los beneficios (Impuesto Diferido)10aReglamentación de la reforma del impuesto a las ganancias. Decreto 2334/2013pVenta de acciones y otros títulos valores. Dividendos y distribución de utilidades 1aBuenos Aires :bErreparc2014 a64 p.c21 cm. a1. Impuesto a las ganancias, decreto 2334/2013: la reglamentación de la reforma de la ley 26893 / Martín R. Caranta - 2. Decreto 2334/2013. Reforma en el decreto reglamentario de la ley de impuesto a las ganancias / Carlos J. Gutiérrez - 3. Reglamentación de las rentas financieras en el impuesto a las ganancias / José A. Moreno Gurrea - 4. Se reglamentó la última modificación del impuesto a las ganancias. ¿Y ahora? / Atilio V. Sánchez Ricciardi  aspa1 aGutiérrez, Carlos J. S.1 aCaranta, Martín R.1 aMoreno Gurrea, José A.1 aSánchez Ricciardi, Atilio V.41uhttps://biblioeco.unsa.edu.ar/pmb/images/libros/E00052.jpgyImagen de portadaqimage/jpeg